Online Catalogue and eLibrary

Gender consciousness and politics / (Record no. 584)

MARC details
000 -LEADER
fixed length control field 00745cam a2200253 a 4500
001 - CONTROL NUMBER
control field 3921998
005 - DATE AND TIME OF LATEST TRANSACTION
control field 20240319032231.0
008 - FIXED-LENGTH DATA ELEMENTS--GENERAL INFORMATION
fixed length control field 920224s1992 nyua b 001 0 eng
020 ## - INTERNATIONAL STANDARD BOOK NUMBER
ISBN 0415906849 (alk. paper)
020 ## - INTERNATIONAL STANDARD BOOK NUMBER
ISBN 0415906857 (pbk.)
040 ## - CATALOGING SOURCE (பட்டியலாக்க மூலம்)
Original cataloging agency DLC
Transcribing agency DLC
Modifying agency DLC
082 00 - DDC Classification
Class No. 323.334.
DDC Edition Number 20
Item Number - Author Mark GEN.
100 1# - MAIN ENTRY--PERSONAL NAME
Personal name Rinehart, Sue Tolleson,
245 10 - TITLE STATEMENT
Title Gender consciousness and politics /
Statement of responsibility, etc. Sue Tolleson Rinehart.
260 ## - PUBLICATION, DISTRIBUTION, ETC.
Place of publication, distribution, etc. New York :
Name of publisher, distributor, etc. Routledge,
Date of publication, distribution, etc. 1992.
300 ## - PHYSICAL DESCRIPTION
Extent (e.g. Volumes, Pages etc.) xv, 195 p. :
490 1# - SERIES STATEMENT
Series statement Perspectives on gender
650 #0 - SUBJECT ADDED ENTRY--TOPICAL TERM
Topical term or geographic name entry element Women
650 #0 - SUBJECT ADDED ENTRY--TOPICAL TERM
Topical term or geographic name entry element Feminist theory.
650 #0 - SUBJECT ADDED ENTRY--TOPICAL TERM
Topical term or geographic name entry element Political socialization
650 #0 - SUBJECT ADDED ENTRY--TOPICAL TERM
Topical term or geographic name entry element Gender identity
856 42 - ELECTRONIC LOCATION AND ACCESS
Uniform Resource Identifier <a href="http://www.loc.gov/catdir/enhancements/fy0651/92008240-d.html">http://www.loc.gov/catdir/enhancements/fy0651/92008240-d.html</a>
942 ## - Koha item type (Biblio)
Koha item type Books in Stacks (Lending)
Holdings
Lost status Damaged status Collection code Home library Current library Date acquired Full call number Accession Number Item type
    Lending WERC Library WERC Library 03/19/2024 323.334. GEN. 3738 Books in Stacks (Lending)

© WERC Library